Establecimiento del Tribunal de la Santa Inquisición en España (Record no. 168281)

MARC details
000 -LEADER
campo de control de longitud fija 00961nam a2200181 i 4500
001 - NÚMERO DE CONTROL
campo de control 168281
003 - IDENTIFICADOR DE NÚMERO DE CONTROL
campo de control ES-MaACL
005 - FECHA Y HORA DE LA ÚLTIMA TRANSACCIÓN
campo de control 20230906213733.0
008 - DATOS DE LONGITUD FIJA--INFORMACIÓN GENERAL
campo de control de longitud fija 931025s1813 sp |||| | spa d
245 00 - MENCIÓN DEL TÍTULO
Título Establecimiento del Tribunal de la Santa Inquisición en España
Resto del título : sacado del cap. 49 del libro 20 de los Anales de Aragón de Geronimo de Zurita para instruir al pueblo sobre la cita que de este autor hace el informe de la Comisión de Constitución a las Cortes.
260 ## - PUBLICACIÓN, DISTRIBUCIÓN, ETC.
Lugar de publicación, distribución, etc. [Cádiz :
Nombre del editor, distribuidor, etc. s.n.,
Fecha de publicación, distribución, etc. 1813] (
Fabricante Imp. de la Junta de Provincia en la Casa de Misericordia)
300 ## - DESCRIPCIÓN FÍSICA
Extensión 8 p. ;
Dimensiones 20 cm.
530 ## - NOTA DISPONIBLE DE FORMULARIO FÍSICO ADICIONAL
Nota de formato físico adicional disponible Disponible en formato digital.
650 04 - PUNTO DE ACCESO ADICIONAL DE MATERIA--TÉRMINO DE MATERIA
Término de materia o nombre geográfico como elemento de entrada Inquisición-
Subdivisión geográfica España-
Subdivisión cronológica S.XIX.
9 (RLIN) 13800
700 1# - ENTRADA AGREGADA--NOMBRE PERSONAL
Nombre de persona Zurita, Jerónimo.
9 (RLIN) 118536
852 ## - LOCALIZACIÓN
Ubicación ES-MaACL
Número de control de estantería R-3098(7)
Encuadernación Olim:D-621
Nota libre - Enc. hol.
-- . - Sello de la Biblioteca de Salvador J. Trillo
856 ## - LOCALIZACIÓN Y ACCESO ELECTRÓNICOS
Identificador Uniforme de Recursos <a href="http://bdh-rd.bne.es/viewer.vm?id=0000132578&page=1 ">http://bdh-rd.bne.es/viewer.vm?id=0000132578&page=1 </a>
Nota pública Biblioteca Digital Hispánica
Holdings
Estatus retirado Estado de pérdida Estado de daño No para préstamo Colección Biblioteca de origen Biblioteca actual Ubicación en estantería Fecha de adquisición Total de préstamos Signatura topográfica completa Código de barras Visto por última vez Precio de reemplazo Tipo de ítem Koha
        Colección digital Biblioteca del Ateneo de Madrid Biblioteca del Ateneo de Madrid Depósito 17/01/2008   R-3098(7) 1176572 23/02/2023 23/02/2023 Libro impreso antiguo